000 00720nam a2200289Ia 4500
005 20260324130640.0
008 008 260324s9999 xx 000 0 eng d
020 _a9780203962107
037 _aEBOOK
040 _aCRL
040 _beng
040 _cCRL
041 _2eng
041 _aeng
084 _qCRL
100 _aHazel L. Reid; Alison J. Fielding
_91182568
245 0 _aProviding Support to Young People
245 2 _bA Guide to Interviewing in Helping Relationships
260 _bTaylor and Francis
260 _c2007
365 _a
365 _b230
856 _uhttp://www.taylorfrancis.com/books/9780203962107
942 _cEBOOK
999 _c1778921
_d1778921